<The> Legal Framework to Create an Open EU Single Market For Payment Services
Zavedenie a transpozícia spoločných pravidiel poskytovania platobných transakcií na celoeurópskom trhu, ak ide o elektronické platobné prostriedky (elektronické peniaze). Druhá smernica o platobných službách Európskej únie a slovenský zákon o platobných službách týkajúci sa poskytovania platobných i...
Uložené v:
| Hlavný autor: | |
|---|---|
| Ďalší autori: | |
| Médium: | Kapitola |
| Jazyk: | English |
| Predmet: | |
| Tagy: |
Žiadne tagy, Buďte prvý, kto otaguje tento záznam!
|
MARC
| LEADER | 00000naa a2200000 4500 | ||
|---|---|---|---|
| 001 | 0270149 | ||
| 005 | 20201126150959.3 | ||
| 041 | 0 | |a eng | |
| 044 | |a SK | ||
| 245 | 1 | 0 | |a <The> Legal Framework to Create an Open EU Single Market For Payment Services |c Daniela Nováčková, Jarmila Wefersová |
| 520 | |a Zavedenie a transpozícia spoločných pravidiel poskytovania platobných transakcií na celoeurópskom trhu, ak ide o elektronické platobné prostriedky (elektronické peniaze). Druhá smernica o platobných službách Európskej únie a slovenský zákon o platobných službách týkajúci sa poskytovania platobných iniciačných služieb a informačných služieb o účte. Právo Európskej únie priamo alebo nepriamo ovplyvňuje formovanie otvoreného trhu platobných služieb v členských štátoch Európskej únie; možno to považovať za liberalizáciu platobných služieb, čo umožňuje vstup nových poskytovateľov inovatívnych platobných služieb. | ||
| 610 | 2 | 0 | |a služby finančné |
| 610 | 2 | 0 | |a platby elektronické |
| 610 | 2 | 0 | |a právo |
| 610 | 2 | 0 | |a Európska únia |
| 610 | 2 | 0 | |a platby bezhotovostné |
| 610 | 2 | 0 | |a peniaze elektronické |
| 100 | 1 | |a Nováčková, Daniela | |
| 700 | 1 | |a Wefersová, Jarmila | |